Movies Quiz

Random Movies or Clickable Quiz

Sci-Fi Movie Match-Up Quiz Stats

Quiz Updated Feb 9, 2016

Also try: Mis-Matched Movies
Challenge
Share
Tweet
Score 0/36 Timer 04:00
9 Plays Today
% Correct
Jurassic
98.7%
Planet of the
98.7%
Back to the
98.6%
Independence
98.3%
The Day the
97.9%
The Empire
97.7%
Men
97.3%
2001:
97%
Blade
96.6%
The Fifth
96.1%
I Am
96%
Total
96%
20,000 Leagues
95.9%
District
95.8%
Close Encounters
95.5%
Star Trek 2:
95.1%
Donnie
95%
The War
94.8%
% Correct
Minority
94.3%
Fahrenheit
93.4%
A Trip
93.2%
Mars
93.1%
12
92.3%
The Running
90.8%
The Time
90.7%
Tron:
90.6%
Starship
90.4%
Galaxy
90%
Twilight Zone:
89.9%
Forbidden
88.6%
Children of
87.3%
Logan's
83.7%
The Andromeda
81.8%
Event
80.4%
Soylent
79.2%
THX
72.7%

You're not logged in!

Compare scores with friends on all Sporcle quizzes.
Join for Free
OR
Log In

You Might Also Like...

Show Comments

Extras

Top Quizzes Today


Score Distribution

Your Account Isn't Verified!

In order to create a playlist on Sporcle, you need to verify the email address you used during registration. Go to your Sporcle Settings to finish the process.

Report this User

Report this user for behavior that violates our Community Guidelines.

Details: